The approach of operational research to planning in India / (Record no. 8622)
[ view plain ]
| 000 -LEADER | |
|---|---|
| fixed length control field | 00765cam a22002531 4500 |
| 001 - CONTROL NUMBER | |
| control field | 8622 |
| 003 - CONTROL NUMBER IDENTIFIER | |
| rucl marc code | BD-RjUL |
| 005 - DATE AND TIME OF LATEST TRANSACTION | |
| control field | 20211208234624.0 |
| 008 - FIXED-LENGTH DATA ELEMENTS--GENERAL INFORMATION | |
| fixed length control field | 140119s1963 nyu 000 0 eng d |
| 035 ## - SYSTEM CONTROL NUMBER | |
| System control number | (BD-RjUL)8667 |
| System control number | (OCoLC)756489 |
| 040 ## - CATALOGING SOURCE | |
| Original cataloging agency | DLC |
| Transcribing agency | OClU |
| Modifying agency | OCoLC |
| -- | DLC |
| -- | BD-RjUL |
| Language of cataloging | eng |
| 041 ## - LANGUAGE CODE | |
| Language code of text/sound track or separate title | eng |
| 082 ## - DEWEY DECIMAL CLASSIFICATION NUMBER | |
| Classification number | 338.954 |
| Author mark and year | MAA 1963 |
| 100 1# - MAIN ENTRY--PERSONAL NAME | |
| Personal name | Mahalanobis, P. C. |
| Fuller form of name | (Prasanta Chandra), |
| Dates associated with a name | 1893-1972. |
| 9 (RLIN) | 26847 |
| 245 14 - TITLE STATEMENT | |
| Title | The approach of operational research to planning in India / |
| 260 ## - PUBLICATION, DISTRIBUTION, ETC. (IMPRINT) | |
| Place of publication, distribution, etc. | New York : |
| -- | London ; |
| Name of publisher, distributor, etc. | Asia Pub. House, |
| Date of publication, distribution, etc. | c1963 |
| 300 ## - PHYSICAL DESCRIPTION | |
| Pagination | vi, 168 p. |
| Size | 24 cm. |
| 490 0# - SERIES STATEMENT | |
| Series statement | Indian statistical series, |
| Volume/sequential designation | no. 18 |
| 651 #0 - SUBJECT ADDED ENTRY--GEOGRAPHIC NAME | |
| Geographic name | India |
| General subdivision | Economic policy. |
| 9 (RLIN) | 26848 |
| 942 ## - ADDED ENTRY ELEMENTS (KOHA) | |
| Source of classification or shelving scheme | Dewey Decimal Classification |
| Koha item type | Books |
| Lost status | Source of classification or shelving scheme | Damaged status | Not for loan | Collection code | Permanent Location | Current Location | Shelving location | Date acquired | Source of acquisition | Cost, normal purchase price | Total Checkouts | Full call number | Date last seen | Copy number | Koha item type |
|---|---|---|---|---|---|---|---|---|---|---|---|---|---|---|---|
| Dewey Decimal Classification | Reference | Central Library, University of Rajshahi | Central Library, University of Rajshahi | 10/05/1965 | Green book house | 24.00 | 338.954 MAA 1963 | 19/01/2014 | C-2 | Books | |||||
| Dewey Decimal Classification | Non-fiction | Central Library, University of Rajshahi | Central Library, University of Rajshahi | 13/05/1965 | Green book house | 16.24 | 338.954 MAA 1963 | 30/07/2016 | C-3 | Books |